000 00639cam a2200193 4500500
005 20260405003750.0
041 _afre
042 _adc
100 1 0 _aManzini, Frédéric
_eauthor
245 0 0 _aVincent Debaene : “Entre agir et penser, Lévi-Strauss se refuse à choisir”
260 _c2023.
500 _a11
690 _aAnthropologie
690 _aClaude Lévi-Strauss
690 _arelativisme
690 _aUniversalisme
786 0 _nPhilosophie magazine | 172 | 9 | 2023-09-01 | p. 45-45 | 1951-1787
856 4 1 _uhttps://shs.cairn.info/magazine-philosophie-magazine-2023-9-page-45?lang=fr&redirect-ssocas=7080
999 _c2070625
_d2070625